000 00543nam a2200181Ia 4500
008 151202s9999||||xx |||||||||||||| ||und||
082 _bPNVM-30468
100 _aपांढरीपांडे विजय.
245 _aपत्रांजली.
260 _b---
260 _c0
300 _a0
600 _aपांढरीपांडे विजय.
630 _aपत्रांजली.
700 _aपांढरीपांडे विजय.
730 _aपत्रांजली.
942 _cBOOK
999 _c1296430
_d1296427